[Event "US-ch Women 2018"]
[Site "Saint Louis"]
[Date "2018.04.26"]
[Round "8"]
[White "Goletiani, Rusudan"]
[Black "Derakhshani, Dorsa"]
[Result "1-0"]
[WhiteElo "2306"]
[BlackElo "2306"]
[Annotator "TA"]
[PlyCount "71"]
[EventDate "2018.??.??"]
[EventType "tourn"]
[EventCountry "USA"]
[SourceTitle "playchess.com"]
[Source "ChessBase"]
[SourceQuality "1"]

{[%evp 16,71,98,107,120,110,126,100,98,38,74,25,38,19,15,4,41,10,7,-8,0,0,10,-12,-2,-31,82,75,79,67,88,41,32,45,102,82,104,77,60,15,0,6,74,60,476,435,499,290,524,522,517,497,638,638,606,522,827,814]} 1. Nf3 Nf6 2. c4 g6 3. Nc3 d5 4. cxd5 Nxd5 5. Qa4+ c6 6. Qd4 Nf6 7. Qxd8+ {A16: English Opening: 1...Nf6 with ...d5} Kxd8 8. e4 Bg7 9. d4 {LiveBook: 12 Games. White is better.} b5 (9... h6 10. Bc4 Ke8 11. a3 Nbd7 12. h3 Nf8 13. Be3 Be6 14. d5 cxd5 15. exd5 {1-0 (30) Trent,L (2439)-Chalmeta Ugas,R (2298) Barcelona 2017}) 10. a3 $146 ({Predecessor:} 10. e5 Ng8 11. Bd2 Bf5 12. Rc1 Bh6 13. Be2 Ke8 14. O-O Kf8 {½-½ (35) Brancaleoni,M (2251)-Ferri,S (2146) Saint Vincent 2008}) 10... Be6 11. Ng5 Bb3 12. d5 (12. Be2 $16) 12... Rf8 {[%cal Rc6d5]} 13. dxc6 a6 14. Be3 Nxc6 15. Rc1 Kd7 16. Be2 Rfc8 17. O-O Ke8 18. f4 h6 19. Nh3 {[%cal Bg5h3,Bh3f2,Bf2e4][%mdl 32]} Na5 20. Bd4 Nc4 (20... Bc4 $15 {keeps the upper hand.}) 21. e5 $16 Nd7 22. Bf3 Rab8 23. Ne4 a5 24. Nhf2 Rc7 (24... f5 $14) 25. Rfe1 Kf8 26. Nd2 Nc5 27. Re2 {[#] Black must now prevent Bxc5.} Rd8 28. Bc3 $36 {[%mdl 2048] And now Nxc4 would win. White fights for an advantage.} Ra7 (28... Rcc8 $11 {keeps the balance.}) 29. Nfe4 Nxd2 $4 {[%mdl 8192]} (29... Nxe4 $14 30. Bxe4 (30. Nxb3 Nxc3 31. Rxc3 a4 $11) 30... Nxd2 31. Rxd2 Rb8) 30. Rxd2 $18 {[%cal Rd2d8]} ({Weaker is} 30. Nxd2 Be6 $14) 30... Ne6 31. Rxd8+ Nxd8 32. Bd4 {White is clearly winning.} Rd7 33. Bb6 Bc4 {If Black can now play ...a4 this consolidates a bit.} 34. b3 Be6 35. Rc8 Ke8 36. Rb8 {Precision: White = 57%, Black = 37%.} 1-0

[Event "US-ch Women 2018"]
[Site "Saint Louis"]
[Date "2018.04.26"]
[Round "8"]
[White "Feng, Maggie"]
[Black "Zatonskih, Anna"]
[Result "0-1"]
[WhiteElo "2243"]
[BlackElo "2444"]
[Annotator "TA"]
[PlyCount "80"]
[EventDate "2018.??.??"]
[EventType "tourn"]
[EventCountry "USA"]
[SourceTitle "playchess.com"]
[Source "ChessBase"]
[SourceQuality "1"]

{[%evp 22,79,-10,-25,0,-45,-52,-58,-27,-109,-128,-122,-118,-189,-182,-306,-273,-458,-466,-644,-635,-617,-627,-628,-616,-618,-616,-647,-641,-640,-647,-640,-635,-1906,-1865,-29977,-29978,-29978,-29979,-29980,-29976,-29974,-29976,-29976,-29977,-29977,-29977,-29972,-29970,-29966,-29958,-29971,-29969,-29986,-29982,-29989,-29990,-29990,-29988,-29999]} 1. Nf3 d5 2. g3 Nf6 3. Bg2 e6 4. O-O c5 5. c4 d4 6. e3 Nc6 7. exd4 cxd4 8. d3 Bd6 {A13: English Opening: 1...e6} (8... Be7 9. b3 O-O 10. Na3 e5 11. Nc2 Nd7 12. a3 a5 13. Rb1 Nc5 14. b4 axb4 15. axb4 Na4 16. Bd2 {0-1 (47) Wei,Y (2739)-Karjakin,S (2760) Medias 2017}) 9. Na3 O-O 10. Nc2 e5 11. b4 Re8 12. Rb1 {LiveBook: 3 Games} a6 13. Ng5 $146 ({Predecessor:} 13. Bg5 h6 14. Bxf6 Qxf6 15. Nd2 Bf5 16. Ne4 {½-½ (30) Rogemont,A (2252)-Nouveau,L (2245) ICCF email 2015}) 13... Bf5 14. f4 Qd7 15. Ne4 (15. fxe5 $11 Nxe5 16. c5 Bxd3 17. cxd6) 15... Bxe4 $1 $17 16. dxe4 exf4 17. gxf4 (17. Nxd4 $17 Nxe4 18. Nxc6 fxg3 19. Bf4 gxh2+ 20. Kh1 Qxc6 21. Bxd6 Qxd6 22. Bxe4 Qxd1 23. Bxh7+ $1 {[%mdl 512]} Kxh7 24. Rbxd1) 17... Nxe4 $19 {Threatens to win with ...Nc3.} 18. Bb2 {[#]} (18. Qd3 $142 Nc3 19. Rb3) 18... d3 $1 {[%cal Rd3c2]} 19. Ne1 $2 (19. Ne3 Nxb4 20. Kh1) 19... Nxb4 ({Don't play} 19... d2 20. a3 $19) 20. a3 Bc5+ 21. Kh1 Nf2+ 22. Rxf2 Bxf2 23. Nf3 Nc6 24. Ne5 Nxe5 25. fxe5 Rad8 26. Bd5 Qf5 {Strongly threatening ...Rxd5!} 27. Qf1 d2 {( -> ...Rxd5)} 28. Kg2 {[#]} Re6 $1 {Black mates.} 29. Bxe6 fxe6 30. Rd1 Qg4+ 31. Kxf2 Rf8+ 32. Ke3 Rxf1 33. Rxf1 d1=Q 34. Rxd1 Qxd1 {[%mdl 4096] Endgame} 35. Bd4 Kf7 36. c5 Kg6 37. Ke4 Kg5 38. Be3+ Kg4 {[%csl Ge6][%cal Rd1d5]} 39. h3+ Kxh3 40. Kf4 Qg4# {Precision: White = 28%, Black = 88%.} 0-1

[Event "US-ch Women 2018"]
[Site "Saint Louis"]
[Date "2018.04.27"]
[Round "9"]
[White "Zatonskih, Anna"]
[Black "Foisor, Sabina-Francesca"]
[Result "1/2-1/2"]
[WhiteElo "2444"]
[BlackElo "2308"]
[Annotator "TA"]
[PlyCount "69"]
[EventDate "2018.??.??"]
[EventType "tourn"]
[EventCountry "USA"]
[SourceTitle "playchess.com"]
[Source "ChessBase"]
[SourceQuality "1"]

{[%evp 18,69,11,7,20,12,16,17,41,19,30,0,-3,0,-11,-3,-8,-13,0,-5,-4,-4,0,0,0,0,0,0,0,0,0,0,0,0,0,0,0,0,4,1,66,61,52,45,77,58,63,19,38,0,0,0,0,0]} 1. d4 d5 2. c4 c6 3. e3 Nf6 4. Nf3 a6 5. Bd2 g6 6. Bd3 Bg7 7. O-O O-O 8. Nc3 Bg4 {D94: Grünfeld: 4 Nf3 Bg7 5 e3} (8... dxc4 9. Bxc4 b5 10. Be2 Nbd7 11. b4 a5 12. a3 axb4 13. axb4 Rxa1 14. Qxa1 Nb6 15. Ne5 Qd6 16. Rc1 {½-½ (54) Dreev,A (2644)-Swiercz,D (2620) Berlin 2015}) 9. h3 Bxf3 10. Qxf3 {LiveBook: 8 Games} e5 11. dxe5 Nfd7 12. cxd5 $146 ({Predecessor:} 12. Qe2 Nxe5 13. Rad1 Nxd3 14. Qxd3 dxc4 15. Qxc4 Nd7 16. Ne4 {1-0 (40) Janssen,R (2524)-Arias,L (2355) Havana 2010}) 12... Nxe5 13. Qe2 $1 cxd5 14. Rfd1 Nbc6 15. Be1 (15. Qf1 {looks sharper.} Nxd3 16. Qxd3 d4 17. exd4 Qxd4 18. Bg5) 15... Nxd3 16. Qxd3 d4 $1 {[%cal Rd4c3]} 17. exd4 Qxd4 18. Qxd4 Nxd4 19. Rac1 Rfe8 20. Kf1 Rad8 21. Na4 Ne6 22. Bc3 b5 23. Bxg7 Kxg7 24. Nc3 Nf4 25. h4 h5 26. g3 Ne6 27. Ne4 Rxd1+ 28. Rxd1 Rd8 ({Black should play} 28... Rc8 $11) 29. Rxd8 $14 Nxd8 {[%mdl 4096] Endgame KN-KN} 30. Ke2 Nc6 31. Ke3 Kf8 32. f3 Ke7 33. f4 f5 34. Nc5 a5 35. a4 {Precision: White = 80%, Black = 68%.} 1/2-1/2

[Event "US-ch Women 2018"]
[Site "Saint Louis"]
[Date "2018.04.27"]
[Round "9"]
[White "Krush, Irina"]
[Black "Abrahamyan, Tatev"]
[Result "1-0"]
[WhiteElo "2422"]
[BlackElo "2366"]
[Annotator "TA"]
[PlyCount "99"]
[EventDate "2018.??.??"]
[EventType "tourn"]
[EventCountry "USA"]
[SourceTitle "playchess.com"]
[Source "ChessBase"]
[SourceQuality "1"]

{[%evp 13,99,-7,0,-12,-12,5,-4,-13,-3,0,22,19,43,12,40,39,43,38,45,41,45,56,56,41,89,94,138,116,136,108,109,106,125,109,139,137,136,130,154,88,93,88,93,103,85,81,91,93,162,148,133,124,122,127,138,139,134,139,136,127,127,119,119,119,141,110,114,110,117,103,103,94,97,93,197,186,226,223,224,213,739,705,1458,1425,1368,1244,1318,933]} 1. d4 Nf6 2. c4 e6 3. Nc3 Bb4 4. e3 O-O 5. Nf3 d5 6. Bd2 b6 7. Rc1 {E51: Nimzo-Indian: Rubinstein: 4...0-0 5 Nf3 d5} Ba6 {LiveBook: 3 Games} (7... Be7 8. cxd5 exd5 9. Be2 c5 10. O-O Bb7 11. Be1 Nbd7 12. Ne5 Nxe5 13. dxe5 Ne4 14. f4 Nxc3 15. Bxc3 {½-½ (23) Riazantsev,A (2650)-Leko,P (2691) Riadh 2017}) 8. Qa4 Be7 9. cxd5 {The position is equal.} Bxf1 10. Kxf1 {[#] Hoping for dxe6.} exd5 11. g3 c5 $146 ({Predecessor:} 11... c6 12. Kg2 Re8 13. Qc2 a5 14. e4 dxe4 15. Nxe4 Nxe4 16. Qxe4 Bb4 17. Qd3 Bxd2 18. Qxd2 Qd5 19. b3 Nd7 20. Rhe1 h6 21. Qc3 c5 {½-½ (21) Concha,H (2271)-Van Enk,S (2286) ICCF email 2011}) 12. Kg2 Nbd7 {[%cal Bb8d7,Bd7c5,Bc5e4][%mdl 32]} 13. Rhd1 a6 14. dxc5 Nxc5 15. Qd4 Qd6 16. Ne2 Rfe8 17. Bc3 Rad8 18. Nf4 Bf8 19. Qb4 Nce4 20. Qxd6 Rxd6 21. Bxf6 Nxf6 22. Rc7 h6 23. Rdc1 g5 24. Ne2 Ne4 25. g4 h5 26. h3 (26. gxh5 $142 g4 27. Nfd4) 26... hxg4 $16 27. hxg4 Nf6 28. Nxg5 Nxg4 {Threatening ...Rg6.} 29. R1c6 ({Inferior is} 29. Rxf7 Rg6 $17) 29... Rxc6 30. Rxc6 Re5 (30... Bc5 $16 {was necessary.}) 31. Nf3 $18 Re6 32. Rxe6 fxe6 $16 {[%mdl 4096] Endgame KBN-KNN} 33. Nf4 Bg7 34. b3 Kf7 35. Ng5+ Ke7 36. Ngxe6 Be5 37. Kf3 Nf6 38. Ng5 Bb2 39. Ke2 Kd6 40. Nd3 Bc3 41. f4 {[%cal Bf2f4,Bf4f5,Bf5f6][%mdl 32]} b5 42. Kf3 a5 43. f5 Bd2 (43... a4 $16) 44. Ne6 $18 Ne4 45. Nd4 b4 46. Kf4 $1 Nc3 $2 {[#]} (46... Bc3 47. Nb5+ Kc6) 47. f6 {White is clearly winning.} Nd1 48. Nf5+ Ke6 49. Kg5 Nxe3 50. Nf4+ {Precision: White = 76%, Black = 41%.} 1-0

[Event "US-ch Women 2018"]
[Site "Saint Louis"]
[Date "2018.04.27"]
[Round "9"]
[White "Paikidze, Nazi"]
[Black "Wang, Annie"]
[Result "1/2-1/2"]
[WhiteElo "2352"]
[BlackElo "2321"]
[Annotator "TA"]
[PlyCount "59"]
[EventDate "2018.??.??"]
[EventType "tourn"]
[EventCountry "USA"]
[SourceTitle "playchess.com"]
[Source "ChessBase"]
[SourceQuality "1"]

{[%evp 22,59,35,22,35,0,0,0,6,0,49,-8,-11,-14,-25,-27,0,-18,-17,-32,0,-43,-39,-34,-26,-27,-22,-56,-21,-26,-21,-27,0,-21,0,-36,0,-28,0,-36]} 1. c4 e6 2. Nc3 d5 3. d4 Be7 4. cxd5 exd5 5. Bf4 Nf6 6. e3 O-O 7. Bd3 c6 8. Qc2 Nbd7 9. Nf3 Re8 10. h3 Nf8 11. O-O-O Qa5 {D35: Queen's Gambit Declined: Exchange Variation} (11... Bb4 12. Kb1 Ng6 13. Bh2 Qa5 14. Rc1 Ne4 15. Bxe4 dxe4 16. Nd2 Bxc3 17. bxc3 Qf5 18. Nc4 Qb5+ 19. Qb3 {0-1 (63) Vishnu,P (2518)-Ni,H (2697) Gibraltar 2016}) 12. Kb1 {LiveBook: 7 Games} Bb4 13. Rc1 Ne4 14. Bxe4 (14. Nxe4 $2 dxe4 15. Bxe4 Rxe4 $1 $19 {[%mdl 512]}) 14... dxe4 15. Nd2 ({Don't blunder} 15. Nxe4 $2 {[#]} Rxe4 $1 {[%mdl 512]} 16. Bc7 (16. Qxe4 $2 {too greedy.} Bf5 $19) 16... Qd5 $19) 15... Be6 $146 ({Predecessor:} 15... Bxc3 16. Qxc3 Qd5 17. Nc4 Be6 18. Qa5 Ng6 19. Qxd5 Bxd5 20. Bd6 {½-½ (20) Malisauskas,V (2459)-Zagorskis,D (2482) Vilnius 2013}) 16. Nb3 ({Better is} 16. Ndxe4 $14 Rad8 17. g4) 16... Qd8 $11 17. Rhd1 Bxc3 18. Qxc3 Qb6 19. Na5 Nd7 20. b3 Qa6 21. Qb4 Nb6 22. Bg3 Rad8 23. Rc5 Rd7 {Hoping for ...Nd5.} 24. Qd2 Bd5 25. Qe1 Nc8 26. Rc2 Nb6 27. Rc5 Nc8 28. Rc2 Nb6 29. Rc5 Nc8 30. Rc2 {Precision: White = 59%, Black = 43%.} 1/2-1/2

[Event "US-ch Women 2018"]
[Site "Saint Louis"]
[Date "2018.04.27"]
[Round "9"]
[White "Derakhshani, Dorsa"]
[Black "Yu, Jennifer"]
[Result "0-1"]
[WhiteElo "2306"]
[BlackElo "2367"]
[Annotator "TA"]
[PlyCount "56"]
[EventDate "2018.??.??"]
[EventType "tourn"]
[EventCountry "USA"]
[SourceTitle "playchess.com"]
[Source "ChessBase"]
[SourceQuality "1"]

{[%evp 20,56,36,31,55,54,60,47,54,7,69,21,59,54,55,31,20,26,40,0,0,0,0,-88,-95,-138,-129,-131,-126,-150,-88,-256,-235,-830,-828,-1581,-1114,-1070,-1059]} 1. e4 g6 2. d4 Bg7 3. Nc3 d5 4. exd5 Nf6 5. Bc4 Nbd7 6. Nf3 O-O {B06: Modern Defence} 7. O-O Nb6 8. Bb3 a5 9. a4 Nbxd5 10. Nxd5 Nxd5 11. Re1 {LiveBook: 8 Games} e6 12. Ne5 $146 ({Predecessor:} 12. Bg5 Qd6 13. c4 Nb4 14. c5 {1-0 (31) Muzychuk,A (2585)-Darban,M (2358) Baku 2013}) 12... c6 13. c3 Qc7 14. Qf3 b6 (14... c5 $1 $11) 15. h4 {[%cal Bh2h4,Bh4h5,Bh5h6][%mdl 32]} Bb7 16. h5 (16. Bxd5 $5 cxd5 17. h5 $14) 16... c5 17. h6 Bh8 $1 18. Ng4 c4 19. Bc2 f5 {[%cal Bf7f5,Bf5f4][%mdl 32] aiming for ...Nb4.} 20. Ne5 Nb4 21. Qe2 (21. Qd1 $11 {was the only way to keep the balance.} Nxc2 22. Qxc2) 21... Bxe5 $1 $17 22. dxe5 Nxc2 23. Qxc2 {[#]} f4 $1 $40 {[%mdl 128] Black attacks with force.} 24. Qd1 {[#]} Rf5 (24... Qc6 $142 $1 {[%csl Gb7][%cal Rc6g2]} 25. f3 Rad8) 25. Qg4 $2 (25. Qd6 $17 Qxd6 26. exd6) 25... Raf8 $19 26. Bd2 $2 (26. b3) 26... Qe7 {Threatens to win with ...Rg5.Black is clearly winning.} 27. g3 Rh5 {[%csl Gb7][%cal Rh5h1]} 28. f3 Rg5 {Precision: White = 30%, Black = 63%.} 0-1

[Event "US-ch Women 2018"]
[Site "Saint Louis"]
[Date "2018.04.27"]
[Round "9"]
[White "Sharevich, Anna"]
[Black "Goletiani, Rusudan"]
[Result "0-1"]
[WhiteElo "2281"]
[BlackElo "2306"]
[Annotator "TA"]
[PlyCount "102"]
[EventDate "2018.??.??"]
[EventType "tourn"]
[EventCountry "USA"]
[SourceTitle "playchess.com"]
[Source "ChessBase"]
[SourceQuality "1"]

{[%evp 19,102,33,58,32,50,10,18,16,27,-39,-40,-35,-32,-39,-32,-26,-26,-56,-41,-69,-73,-69,-75,-71,-7,-23,0,-27,16,23,21,0,33,33,39,0,34,29,38,20,28,24,42,0,0,0,12,-9,28,0,0,-17,-28,-18,-12,-30,-39,-63,-63,-334,-352,-720,-742,-757,-756,-750,-743,-810,-803,-849,-849,-849,-849,-849,-849,-849,-849,-849,-849,-4956,-4956,-4947,-4943,-1632,-1081]} 1. d4 e6 2. Nf3 f5 3. Bf4 Nf6 4. e3 g6 5. Be2 Bg7 6. h3 {A80: Dutch Defence: Unusual White second moves} d6 7. c4 Qe7 8. Nc3 Nc6 9. Bh2 O-O 10. O-O Kh8 {LiveBook: 4 Games} 11. Rb1 $146 ({Predecessor:} 11. Rc1 Nd8 12. c5 Nf7 13. Qb3 e5 14. cxd6 cxd6 15. Qa3 {1-0 (49) Ivanchuk,V (2731)-Ponomariov,R (2731) Beijing 2013}) 11... e5 12. c5 (12. Nd5 $5 {[%cal Rd5e7]} Qd8 13. dxe5 Nxd5 14. cxd5 Nxe5 15. Nd4 $14) 12... Ne4 13. cxd6 cxd6 14. d5 (14. Rc1 $11) 14... Nxc3 $1 $15 15. bxc3 Na5 16. Nd2 b6 17. Nb3 Nb7 18. a4 Qc7 19. c4 Bd7 20. Ra1 Nc5 21. Nxc5 Qxc5 (21... bxc5 $17 22. Qc2 Rfb8) 22. Qb3 Rac8 23. Ra2 Qa5 24. f3 Qc5 25. Kh1 Qc7 26. Qa3 Qc5 27. Qb3 Qc7 28. Bg1 g5 29. e4 fxe4 30. fxe4 Rf4 31. a5 bxa5 32. Qe3 a4 33. Rc1 h6 34. Bd1 Qa5 35. Qxa7 Qxa7 36. Bxa7 Ra8 $36 {[%mdl 2048] Black has some pressure.} 37. Bg1 Rxe4 38. c5 dxc5 $1 {Hoping for ...Re1.} 39. Rxc5 $2 {[%mdl 8192] [#]} (39. Bf3 $15 Rf4 40. Be3) 39... Re1 $19 40. Bh5 $2 (40. Bg4 Bf8 41. Rc3 Bxg4 42. hxg4) 40... e4 {[%cal Be5e4,Be4e3,Be3e2][%mdl 32] Black is clearly winning.} 41. Rc7 Bb5 42. Rxg7 Kxg7 43. Kh2 e3 44. Ra3 e2 45. Bd4+ Kg8 {[#] aiming for ...Rh1+!} 46. Re3 Rd1 47. Bc3 Rd3 48. Rxd3 Bxd3 49. Bg4 a3 {[%cal Ba4a3,Ba3a2][%mdl 32]} 50. Be6+ Kh7 51. d6 a2 {Precision: White = 35%, Black = 61%.} 0-1

[Event "US-ch Women 2018"]
[Site "Saint Louis"]
[Date "2018.04.27"]
[Round "9"]
[White "Gorti, Akshita"]
[Black "Feng, Maggie"]
[Result "1-0"]
[WhiteElo "2252"]
[BlackElo "2243"]
[Annotator "TA"]
[PlyCount "183"]
[EventDate "2018.??.??"]
[EventType "tourn"]
[EventCountry "USA"]
[SourceTitle "playchess.com"]
[Source "ChessBase"]
[SourceQuality "1"]

{[%evp 14,183,21,18,21,0,14,13,24,-19,-18,-31,-22,-24,-33,-31,21,0,23,18,29,19,19,6,41,8,27,19,41,0,21,0,0,0,0,0,-12,-41,-16,-20,-22,-30,0,0,2,0,0,0,78,77,81,83,124,126,126,126,131,154,135,142,147,142,166,166,166,185,236,234,314,322,359,356,350,339,316,295,476,528,520,488,475,343,314,311,279,56,56,56,56,56,56,56,56,0,56,56,56,56,179,56,56,56,165,56,56,56,56,56,70,70,56,56,165,165,165,165,165,110,165,165,165,165,3674,1260,29971,29970,29970,29970,29975,29976,29976,29977,29977,29977,29975,29977,29978,29974,29975,29975,29984,29984,29984,29977,29977,29977,29987,29988,29988,29989,29989,29990,29990,29991,29991,29992,29992,29993,29993,29994,29996,29994,29995,29996,29996,29995,29995,29996,29997,29998,29998,29999]} 1. Nf3 d5 2. e3 e6 3. c4 c6 4. Nc3 f5 5. b3 Nf6 6. Bb2 Bd6 {A11: English Opening: 1...c6} 7. Be2 (7. g3 O-O 8. Bg2 dxc4 9. bxc4 e5 10. d4 e4 11. Nd2 Na6 12. O-O Ng4 13. Ne2 {½-½ (27) Cao,S (2480)-Tu,H (2414) Ho Chi Minh City 2015}) 7... O-O 8. O-O {LiveBook: 3 Games} Qe7 {The position is equal.} 9. d3 e5 10. cxd5 Nxd5 11. h3 $146 ({Predecessor:} 11. Nxd5 cxd5 {1-0 (40) Byway,P (2143)-Mort,A (1961) Fishguard 2015}) 11... Nd7 {[%cal Bb8d7,Bd7f6,Bf6d5][%mdl 32]} 12. Rc1 N7f6 13. Nxd5 Nxd5 14. Nd2 Ba3 ({Better is} 14... Bc7 $15) 15. Qc2 Bxb2 16. Qxb2 Bd7 17. Rfe1 Rf6 18. Bf1 Rg6 19. Kh1 Re8 20. e4 fxe4 21. Nxe4 Nf4 22. Ng3 Rd6 23. Qa3 a6 24. Qb4 Bc8 25. Ne4 Rd4 26. Qxe7 Rxe7 27. Nc5 Bf5 {[%cal Rf5d3]} 28. Rc4 Rxc4 (28... Rd5 {seems wilder.} 29. d4 e4 30. Kh2 Bg6 31. g3 Nh5) 29. dxc4 Kf7 30. Kh2 $36 {[%mdl 2048] Black is under pressure.} e4 (30... Ne6 $11 {keeps the balance.} 31. Nxe6 (31. Rxe5 Kf6 $15) 31... Kxe6) 31. g4 $16 Bg6 32. Kg3 Nd3 33. Bxd3 exd3 34. Rxe7+ Kxe7 {[%mdl 4096] Endgame KB-KN} 35. Kf3 b5 36. Ke3 bxc4 37. bxc4 Kd6 38. Nxd3 ({Stronger than} 38. Nxa6 c5 $11) 38... c5 39. f4 {[%cal Bf2f4,Bf4f5][%mdl 32]} Bf7 (39... h6 $142 40. Nf2 Bf7) 40. Ne5 $18 Be8 41. Ke4 $1 Ba4 42. f5 Bc2+ 43. Kf4 Bb1 44. a3 g5+ $2 (44... Bc2 45. Nf7+ Ke7) 45. fxg6 $1 hxg6 46. h4 Ke6 47. Nf3 Bd3 48. Nd2 Be2 49. g5 $2 (49. Ke3 $18 Bxg4 50. Ne4) 49... Kd6 $1 $14 50. Ke3 Bg4 51. Ne4+ Kc6 52. Ng3 Kd6 53. Ne4+ Kc6 54. Nf6 Be6 55. Kd3 Kd6 (55... Bf7 $1 $14) 56. Ne4+ ({Only move:} 56. h5 $1 $18 {[%cal Rh5h6]} gxh5 57. Nxh5) 56... Kc6 57. Kc3 Bf5 (57... Bf7 $14) 58. Nf2 ({White should try} 58. Nf6 $18) 58... Kd6 59. Nd3 Be4 60. Kd2 Bf5 61. Nf4 Ke5 62. Ke3 Bc2 {[#]} (62... Kd6 $14) 63. h5 $1 $18 {[%cal Rh5h6]} gxh5 64. Nxh5 Kf5 65. Ng3+ ({White should play} 65. Nf6 $18) 65... Kxg5 (65... Ke5 $16 {was necessary.}) 66. Ne4+ Kf5 67. Nxc5 {And now Kd4 would win.} a5 $2 (67... Ke5 68. Nxa6 Bd1) 68. Kd4 Kf6 69. Kd5 {White mates.} Ke7 {[#]} 70. Kc6 $1 Bd1 71. Nb7 a4 72. c5 Bf3+ 73. Kb6 Kd7 74. Na5 Bd5 75. c6+ Kd6 76. Nb7+ Ke5 77. Nc5 Bf3 78. Nxa4 Kd6 79. c7 Bg4 80. Nc5 Bc8 81. a4 Kd5 82. a5 Kd6 83. a6 Bxa6 84. Nxa6 ({Worse is} 84. Kxa6 Kxc7 $11) 84... Kd7 85. Kb7 Kd6 86. c8=Q Ke7 87. Kc7 Kf7 88. Kd6 Kf6 89. Qf8+ Kg5 90. Ke5 Kg6 91. Qg8+ Kh5 92. Kf5 {Precision: White = 62%, Black = 45%.} 1-0

[Event "US-ch Women 2018"]
[Site "Saint Louis"]
[Date "2018.04.28"]
[Round "10"]
[White "Yu, Jennifer"]
[Black "Sharevich, Anna"]
[Result "1/2-1/2"]
[WhiteElo "2367"]
[BlackElo "2281"]
[Annotator "TA"]
[PlyCount "87"]
[EventDate "2018.??.??"]
[EventType "tourn"]
[EventCountry "USA"]
[SourceTitle "playchess.com"]
[Source "ChessBase"]
[SourceQuality "1"]

{[%evp 14,87,53,33,86,88,96,114,119,81,102,82,90,82,78,55,100,39,78,37,47,37,28,37,34,34,53,31,35,35,64,57,129,120,118,128,113,82,93,93,89,74,183,158,173,173,177,192,226,220,197,85,171,72,65,55,120,116,125,116,113,112,156,115,106,90,111,118,111,44,47,43,49,35,60,51]} 1. d4 d5 2. c4 e6 3. Nc3 Nf6 4. cxd5 exd5 5. Bg5 c6 6. e3 Qb6 7. Qc2 Ne4 8. Bf4 {LiveBook: 37 Games} Bb4 {D35: Queen's Gambit Declined: Exchange Variation} (8... Bd6 $14) (8... Na6 9. f3 Nd6 10. a3 Bf5 11. Qd2 Be7 12. b4 Qd8 13. Na4 Nc7 14. Kf2 O-O 15. g3 Ncb5 16. Nc5 {0-1 (31) Schandorff,L (2531)-Aagaard,J (2520) Skorping 2014}) 9. Bd3 $16 O-O 10. Nge2 Be6 $146 {White is better.} ({Predecessor:} 10... Re8 11. a3 Bf8 12. Nxe4 dxe4 13. Bxe4 Rxe4 14. Qxe4 Qxb2 15. Rb1 Qxa3 16. O-O {1-0 (37) Kregelin,J (2194)-Schmalfuss,H (2045) ICCF email 2008}) 11. O-O Nf6 12. a3 Be7 13. f3 Nbd7 14. g4 g6 15. b4 (15. h4 $16) 15... Ne8 16. Kg2 Qd8 17. Bh6 Ng7 18. Nf4 Bg5 19. Bxg7 Kxg7 20. Nxe6+ fxe6 21. f4 $36 {[%mdl 2048] White has some pressure.} Bf6 22. Ne2 Qe8 (22... a5 $14) 23. g5 Be7 24. h4 {[%cal Bh2h4,Bh4h5][%mdl 32]} a5 25. Rab1 axb4 26. axb4 Ra3 {[#]} 27. h5 $1 {[%mdl 512]} Qa8 {[#]} (27... Qd8 $16) (27... gxh5 28. Rh1) 28. Rh1 $1 $18 {[%cal Rh5g6]} Ra2 29. Rb2 Rxb2 30. Qxb2 Qa4 31. hxg6 hxg6 32. Rh6 (32. b5 $18 {is more deadly.}) 32... Qd1 (32... Rh8 $16) 33. Qb1 ({Don't take} 33. Rxg6+ $6 Kf7 $16) (33. Bxg6 $18 {has better winning chances. aiming for Bh5.} Nb6 34. Qc2 Qxc2 35. Bxc2) 33... Qxb1 $16 34. Bxb1 Bxb4 (34... Rh8 $1 $14) 35. Rxg6+ Kf7 36. Rh6 {Hoping for f5.} Rg8 37. Ng3 Bf8 38. Rh1 Bg7 39. Kf3 c5 40. dxc5 Nxc5 41. Bh7 (41. g6+ $16 Kf8 42. e4) 41... Ra8 $14 {White is slightly better.} 42. Rc1 b6 43. Rb1 Nd7 44. e4 {Precision: White = 48%, Black = 36%.} 1/2-1/2